Hidden Neighbors of China Quiz Stats

Quiz Updated Oct 12, 2016

Challenge
Share
Tweet
Score 0/14 Timer 03:00
3 Plays Today
% Correct
Mongolia
93.3%
Russia
85.9%
Kazakhstan
82.2%
India
82%
Nepal
77.2%
Myanmar
72%
Pakistan
71.3%
% Correct
Bhutan
69.6%
Kyrgyzstan
64%
Laos
59.2%
Afghanistan
57.5%
Tajikistan
57.1%
Vietnam
55.9%
North Korea
47.2%

You're not logged in!

Compare scores with friends on all Sporcle quizzes.
Join for Free
OR
Log In

You Might Also Like...

Show Comments

Extras

Top Quizzes Today


Score Distribution

Your Account Isn't Verified!

In order to create a playlist on Sporcle, you need to verify the email address you used during registration. Go to your Sporcle Settings to finish the process.

Report this User

Report this user for behavior that violates our Community Guidelines.

Details: